Statistiques concernant Top 15 des pays avec les décès de Covid-19 - 8 décembre

Cliquez ici pour prendre le quiz!

Statistiques générales

  • Ce quiz a été pris 15 fois
  • Le résultat moyen est 12 sur 21

Statistiques - réponses

pays% Correct
France
100%
Espagne
86%
Etats-Unis
86%
Italie
79%
Russie
79%
Argentine
71%
Brésil
71%
Inde
71%
Mexique
71%
Belgique
64%
Chili
64%
Pérou
64%
Pologne
64%
Royaume-Uni
64%
Colombie
43%
Iran
43%
Slovénie
21%
Afrique du Sud
14%
Tchèquie
14%
Bosnie-Herzégovine
7%
Macédoine du Nord
7%

Distribution des résultats

Percentile par nombre de réponses

% des personnes avec chaque résultat

Votre développement - résultats

Vous n’avez pas pris ce quiz